| 000 | 01232 a2200205 4500 | ||
|---|---|---|---|
| 001 | 59008 | ||
| 005 | 20260407155844.0 | ||
| 008 | 260407a1976 arg spa d | ||
| 003 | AR-UNSa-BCEJYS | ||
| 040 |
_aAR-UNSa-BCEJYS _bspa _cAR-UNSa-BCEJYS |
||
| 080 |
_a339.13 _xMercado en general. Análisis de mercado. Oferta y demanda. Competencia |
||
| 245 | 1 | 0 | _aRevisión de la teoría de la demanda |
| 264 | 1 |
_aBuenos Aires : _bEdiciones Macchi _c1976 |
|
| 300 |
_a50 p. _c23 cm. |
||
| 505 | _a1. Relación sistema empresa - sistema consumidor – 2. Objetivo del beneficio máximo – 3. Enfoque de la orientación del mercado – 4. Criterio de optimización – 5. Competencia multidimensional – 6. Modelo simplificado - hipótesis de trabajo – 7. Relación oferta – demanda – 8. Demanda primaria potencial – 9. Tipo de búsqueda primaria – 10. Presión logística de todas las marcas – 11. La unidad perceptual – 12. Ventajas diferenciales – 13. La unidad perceptual optima – 14. Presión estratégica de una marca – 15. Índice de invulnerabilidad – 16. Motivación – aceptación - lealtad | ||
| 041 | _aspa | ||
| 942 | _cBK | ||
| 590 | _aniveau_biblio:m niveau_hierar:0 | ||
| 100 | 1 | _aLevy, Alberto R. | |
| 999 |
_c6561 _d6561 |
||